000 00625nam a2200181Ia 4500
008 100921s9999 xx 000 0 und d
082 _b19818
_a550 थ 86
100 _aघाणेकर प्र.के.
245 _aपर्यावरण.
260 _bप्रसाद प्रकाशन,पुणे.
_c1986
300 _a120
_b---
365 _b14
520 _aविज्ञान-भौमिक शास्त्रे.
630 _aपर्यावरण.
650 _aविज्ञान-भौमिक शास्त्रे.
730 _aपर्यावरण.
942 _cBOOK
999 _c768931
_d768928